India, an archaeological history : (Record no. 31993)

MARC details
000 -LEADER
fixed length control field 02260cam a2200337 a 4500
005 - DATE AND TIME OF LATEST TRANSACTION
control field 20060727182454.0
010 ## - LCCN (DPL NO)
LC control number ENG-95527 B-444943-948
020 ## - INTERNATIONAL STANDARD BOOK NUMBER
International Standard Book Number 9780198064121
Terms of availability 395.00
035 ## - SYSTEM CONTROL NUMBER
System control number EN-79060 B-444943-948
037 ## - SOURCE OF ACQUISITION
Source of stock number/acquisition DBAD/PUB
037 ## - SOURCE OF ACQUISITION
Source of stock number/acquisition RBC/Ven
082 ## - DEWEY DECIMAL CLASSIFICATION NUMBER
Classification number 954.01
100 ## - MAIN ENTRY--PERSONAL NAME
Personal name Chakrabarti, Dilip K.
245 ## - TITLE STATEMENT
Title India, an archaeological history :
Remainder of title palaeolithic beginnings to early historic foundations /
Statement of responsibility, etc Dilip K. Chakrabarti.
250 ## - EDITION STATEMENT
Edition statement 2nd ed.
260 ## - PUBLICATION, DISTRIBUTION, ETC. (IMPRINT)
Place of publication, distribution, etc New Delhi ;
Name of publisher, distributor, etc Oxford University Press,
Date of publication, distribution, etc 2009
300 ## - PHYSICAL DESCRIPTION
Extent xvi, 394 p. :
Other physical details ill., maps ;
Dimensions 23 cm.(Pbk)
500 ## - GENERAL NOTE
General note Includes bibliographical references and index.
650 ## - SUBJECT ADDED ENTRY--TOPICAL TERM
Topical term or geographic name as entry element Excavations (Archaeology)
Geographic subdivision India.
650 ## - SUBJECT ADDED ENTRY--TOPICAL TERM
Topical term or geographic name as entry element Archaeology
Geographic subdivision India.
942 ## - ADDED ENTRY ELEMENTS (KOHA)
Source of classification or shelving scheme Dewey Decimal Classification
Item type English Books
Call number suffix CHA
Classification part 954.01
Holdings
Withdrawn status Lost status Not for loan Collection code Home library Current library Date acquired Source of acquisition Cost, normal purchase price Full call number Barcode Copy number Cost, replacement price Koha item type
      Non-fiction Central Library Central Library 01/08/2012 RBC/26573/28.09.2011/76/04.03.2011/12.10.2011 395.00 954.01 CHA B-444943 2 395.00 English Books
      Non-fiction Central Library Central Library 01/08/2012 RBC/26573/28.09.2011/76/04.03.2011/12.10.2011 395.00 954.01 CHA B-444944 2 395.00 English Books
    Not For Loan Non-fiction D.B.Act.Division D.B.Act.Division 21/11/2009 DBAD / PUB 395.00 954.01 CHA EN-79060 1 395.00 English Books
      Non-fiction Karol Bagh Karol Bagh 01/08/2012 RBC/26573/28.09.2011/76/04.03.2011/12.10.2011 395.00 954.01 CHA B-444947 1 395.00 English Books
      Non-fiction Patel Nagar Patel Nagar 01/08/2012 RBC/26573/28.09.2011/76/04.03.2011/12.10.2011 395.00 954.01 CHA B-444945 1 395.00 English Books
      Non-fiction Sarojini Nagar Sarojini Nagar 01/08/2012 RBC/26573/28.09.2011/76/04.03.2011/12.10.2011 395.00 954.01 CHA B-444946 1 395.00 English Books
  Written-off vide DLB M. No. 383 dt 16.05.19   Non-fiction Shahdara Branch Shahdara Branch 01/08/2012 RBC/26573/28.09.2011/76/04.03.2011/12.10.2011 395.00 954.01 CHA B-444948 1 395.00 English Books

© Delhi Public Library
Hit Counter
free hit counter